000 01875nam a22002537a 4500
999 _c60457
_d60457
003 Ge_BSU
005 20230724122629.0
008 230724s2012ge xxu||||| |||| 00| 0 geo d
020 _a9789941041488
041 _ageo
080 _a821.112.2.03-353.1 ე-68
100 _aენცენსბერგერი, ჰანს მაგნუს
_919493
245 _aპოეტური და თეორიული = Poetisches und Theoretisches :
_b ჰ.მ. ენცენსბერგერის რამდენიმე ლექსი, ორი ესსე და ვოლფ ლეპენიესის წერილი ჰ.მ. ენცენსბერგერზე /
_c ჰანს მაგნუს ენცენსბერგერი ; [მთარგმნ.: ბესიკ ადეიშვილი, დათო ბარბაქაძე, თამარ კოტრიკაძე [და სხვ.]].
250 _a[I-ლი გამოც.].
264 _aთბილისი :
_bთვითგამოცემა,
_c2012.
300 _a88 გვ. ;
_b 29 სმ.
653 _aენცენსბერგერის რამდენიმე ლექსი, ორი ესსე და ვოლფ ლეპენიესის წერილი ჰ.მ. ენცენსბერგერზე
700 _aადეიშვილი, ბესიკ
_eმთარგმნელი
_919494
700 _aბარბაქაძე, დათო
_eმთარგმნელი
_919495
700 _aკოტრიკაძე, თამარ
_eმთარგმნელი
_918851
773 _tნაჩუქარი
856 _uhttps://dspace.nplg.gov.ge/bitstream/1234/12156/1/PoeturiDaTeoriuli.pdf
_yელექტრონული ვერსია
942 _2udc
_cBK